书目信息 |
| 题名: |
豹纹鳃棘鲈人工繁育和养殖
|
|
| 作者: | 符书源 , 王永波 , 陈傅晓 编著 | |
| 分册: | ||
| 出版信息: | 北京 海洋出版社 2018.05 |
|
| 页数: | 204页 | |
| 开本: | 26cm | |
| 丛书名: | ||
| 单 册: | ||
| 中图分类: | S965.211 | |
| 科图分类: | ||
| 主题词: | 鲈形目--鱼类养殖 | |
| 电子资源: | ||
| ISBN: | 978-7-5210-0110-5 | |
| 000 | 00962nam0 2200241 450 | |
| 001 | 5366 | |
| 005 | 20181015161759.15 | |
| 010 | @a978-7-5210-0110-5@b精装@dCNY98.00 | |
| 100 | @a20181010d2018 em y0chiy50 ea | |
| 101 | 0 | @achi |
| 102 | @aCN@b110000 | |
| 105 | @aa z 000yy | |
| 200 | 1 | @a豹纹鳃棘鲈人工繁育和养殖@9bao wen sai ji lu ren gong fan yu he yang zhi@f符书源, 王永波, 陈傅晓编著 |
| 210 | @a北京@c海洋出版社@d2018.05 | |
| 215 | @a204页@c彩图@d26cm | |
| 330 | @a本书收集了近几年国内外豹纹鳃棘鲈在人工繁殖、育苗和商品鱼养殖等方面的研究资料和我院的一系列研究成果,在介绍豹纹鳃棘鲈繁殖生物学特性的同时,系统总结了豹纹鳃棘鲈在人工繁殖、人工育苗、鱼种培育、商品鱼养殖和病害防控等方面的研究新成果、新技术。 | |
| 606 | 0 | @a鲈形目@x鱼类养殖 |
| 690 | @aS965.211@v5 | |
| 701 | 0 | @a符书源@9fu shu yuan@4编著 |
| 701 | 0 | @a王永波@9wang yong bo@4编著 |
| 701 | 0 | @a陈傅晓@9chen fu xiao@4编著 |
| 801 | 0 | @aCN@b91MARC@c20181010 |
| 905 | @aMuseLib@dS965.211@e56 | |
| 豹纹鳃棘鲈人工繁育和养殖/符书源, 王永波, 陈傅晓编著.-北京:海洋出版社,2018.05 |
| 204页:彩图;26cm |
| ISBN 978-7-5210-0110-5(精装):CNY98.00 |
| 本书收集了近几年国内外豹纹鳃棘鲈在人工繁殖、育苗和商品鱼养殖等方面的研究资料和我院的一系列研究成果,在介绍豹纹鳃棘鲈繁殖生物学特性的同时,系统总结了豹纹鳃棘鲈在人工繁殖、人工育苗、鱼种培育、商品鱼养殖和病害防控等方面的研究新成果、新技术。 |
| ● |
| 相关链接 |
|
|
|
|
正题名:豹纹鳃棘鲈人工繁育和养殖
索取号:S965.211/56
 
预约/预借
| 序号 | 登录号 | 条形码 | 馆藏地/架位号 | 状态 | 备注 |
| 1 | 1129355 | 211293553 | 第二样本阅览室/ [索取号:S965.211/56] | 在馆 | |
| 2 | 1129356 | 211293562 | 第三借阅区/ [索取号:S965.211/56] | 在馆 | |
| 3 | 1129357 | 211293571 | 第三借阅区/ [索取号:S965.211/56] | 在馆 | |
| 4 | 1129358 | 211293580 | 第三借阅区/ [索取号:S965.211/56] | 在馆 | |
| 5 | 1129359 | 211293599 | 密集书库-生命科学系/ [索取号:S965.211/56] | 在馆 |